Foundations of Financial Markets and Institutions. (Record no. 349175)
[ view plain ]
| 000 -LEADER | |
|---|---|
| fixed length control field | 00435 a2200169 4500 |
| 020 ## - INTERNATIONAL STANDARD BOOK NUMBER | |
| International Standard Book Number | 9788131703908 |
| 024 ## - OTHER STANDARD IDENTIFIER | |
| Standard number or code | 9788131703908 |
| 082 ## - DEWEY DECIMAL CLASSIFICATION NUMBER | |
| Classification number | 332.1 |
| 090 ## - LOCALLY ASSIGNED LC-TYPE CALL NUMBER (OCLC); LOCAL CALL NUMBER (RLIN) | |
| -- | 6835 |
| -- | 6835 |
| 100 ## - MAIN ENTRY--PERSONAL NAME | |
| Personal name | Fabozzi,Frank J |
| 245 ## - TITLE STATEMENT | |
| Title | Foundations of Financial Markets and Institutions. |
| Statement of responsibility, etc. | Frank J.Fabozzi |
| 250 ## - EDITION STATEMENT | |
| Edition statement | 3rd. |
| 260 ## - PUBLICATION, DISTRIBUTION, ETC. | |
| Place of publication, distribution, etc. | India |
| Name of publisher, distributor, etc. | Pearson Education |
| Date of publication, distribution, etc. | 2002 |
| 300 ## - PHYSICAL DESCRIPTION | |
| Extent | 663p. |
| 500 ## - GENERAL NOTE | |
| General note | Paper cover |
| 942 ## - ADDED ENTRY ELEMENTS (KOHA) | |
| Institution code [OBSOLETE] | NBS |
| Koha item type | Book |
| Call number prefix | 332.1 FAB |
| Withdrawn status | Lost status | Damaged status | Not for loan | Permanent Location | Current Location | Date acquired | Total Checkouts | Full call number | Barcode | Date last seen | Date last checked out | Price effective from | Koha item type | Source of classification or shelving scheme | Collection code | Shelving location |
|---|---|---|---|---|---|---|---|---|---|---|---|---|---|---|---|---|
| Central Library (CL) | Central Library (CL) | 08/28/2013 | 3 | 332.1 FAB | NBS8932 | 11/22/2017 | 07/25/2017 | 08/28/2013 | Book | |||||||
| Central Library (CL) | Central Library (CL) | 08/28/2018 | 332.1 FAB | NBSD-3091 | 08/28/2018 | 08/28/2018 | Book | General Stacks |
